00667nam a2200241 a 4500001001300000003000900013005001700022008004100039020001000080082001300090100002000103245002200123260004400145300000800189500003500197505002000232650001000252700002000262902000800282942000700290952011300297999001500410nice12345678IN_TiNIC20260116011801.0050524s1973 mada grp 000 0 urd  ac10000a160bAHM aAhmad, Iftekhar aTafhim-Ul-Mantiq. aMadhopur RajbMadarsa Babul Uloomc1973 a64p aincludes index and biblioraphy2 aReference Index aLogic1 aAhmad, Iftekhar bSRS cBK 001040708StackRoom-aHMIbHMId2008-05-26g100.00l0o160 AHMp06956r2008-05-26v100.00w2005-05-24yBK c3936d3936